000 00640nam a2200229Ia 4500
001 Z_3587
003 CHAP
005 20221018185153.0
007 ta
008 220113s1979 xx 000 0 spa d
010 _a166671
040 _cCHAP
090 _aR-46
245 1 0 _aEfectos de la adición de aceite vegetal : sobre el consumo, ganado, de peso, conversión alimenticia y composición de la canal de conejos en crecimiento
260 _aChapingo, Méx :
_c1979
300 _a31 hojas
650 _aConejos
_xAlimentos y alimentación
_9140792
901 _aR-46
902 _aA
910 _a1979
942 _cREIMP
_2local
999 _c166671
_d166671